000
00312 a2200157 4500
001
62766
020
_a
9788576833611
040
_c
Anchieta - Pituba
100
_a
COOPER, Rose
240
1
0
_a
Abafa!
_l
por
245
1
0
_a
Abafa!
300
_a
198
362
0
_a
2012
650
4
_a
Literatura juvenil
942
_c
BK
999
_c
62766
_d
62766